[Event "39th TCh-GRE"]
[Site "Eretria GRE"]
[Date "2011.07.07"]
[Round "6.12"]
[White "Balogh, Csaba"]
[Black "Mouroutis, Konstantinos"]
[Result "1-0"]
[WhiteTitle "GM"]
[WhiteElo "2643"]
[BlackElo "2257"]
[WhiteTeam "F.O. New Irakleion Attica 2173"]
[BlackTeam "CC Patron"]
[WhiteFideId "718939"]
[BlackFideId "4204689"]
[EventDate "2011.07.03"]

1. e4 c5 2. Nf3 Nc6 3. Bb5 g6 4. Bxc6 bxc6 5. O-O Bg7 6. Re1 Nh6 7. c3 O-O 8. d4
cxd4 9. cxd4 f6 10. Nbd2 d6 11. b3 Nf7 12. Bb2 e5 13. Qc2 Bb7 14. Rad1 Qe7 15.
Nc4 Rfd8 16. Ba3 Rac8 17. dxe5 fxe5 18. Qd2 Qe6 19. Qa5 Rd7 20. Qxa7 Ra8 21. Qb6
Ra6 22. Qb4 Ba8 23. Ng5 Nxg5 24. Qb8+ Kf7 25. Nxd6+ Rxd6 26. Rxd6 Rxa3 27. Qc7+
Qe7 28. Rd7 Bf6 29. Rxe7+ Bxe7 30. Qxe5 Ne6 31. Qb2 Ra7 32. a4 c5 33. Qh8 Nf8
34. Qe5 Bc6 35. Re3 Rd7 36. g3 Rd4 37. Qf4+ Ke8 38. Qc7 Bd7 39. h4 h5 40. a5
Rd1+ 41. Kg2 Ra1 42. Rd3 Ra2 43. a6 Bd8 44. Qb7 1-0

[Event "39th TCh-GRE"]
[Site "Eretria GRE"]
[Date "2011.07.07"]
[Round "6.12"]
[White "Kanellopoulos, Panayotis"]
[Black "Managadze, Nikoloz"]
[Result "0-1"]
[BlackTitle "IM"]
[WhiteElo "2260"]
[BlackElo "2470"]
[WhiteTeam "CC Patron"]
[BlackTeam "F.O. New Irakleion Attica 2173"]
[WhiteFideId "4205928"]
[BlackFideId "13600575"]
[EventDate "2011.07.03"]

1. c4 e6 2. Nf3 d5 3. g3 Nf6 4. Bg2 c5 5. cxd5 exd5 6. d4 Nc6 7. O-O h6 8. Nc3
Be7 9. dxc5 Bxc5 10. Na4 Be7 11. Be3 b6 12. Nd4 Bd7 13. Nxc6 Bxc6 14. Bd4 O-O
15. Rc1 Qd7 16. Nc3 Rfd8 17. Qb3 Rac8 18. Rfd1 Qe6 19. Rd2 Bc5 20. Rcd1 Bxd4 21.
Rxd4 Rd7 22. e3 Rcd8 23. a3 Qe5 24. Bh3 Rd6 25. Nb5 Bxb5 26. Qxb5 Ne4 27. Bg2
Nc5 28. b4 Ne6 29. Rxd5 Rxd5 30. Bxd5 Qb2 31. Qd3 Rd7 32. Qb3 Qe2 33. Kg2 Ng5
34. Qd3 Qg4 35. e4 Nh3 36. Kf1 Ng5 37. Kg2 h5 38. Rc1 h4 39. f4 Qh3+ 40. Kg1 Ne6
41. Qf3 hxg3 42. Qxg3 Qh5 43. Rf1 Nc7 44. Bb3 Nb5 45. Ba4 Rd2 46. Bd1 0-1

[Event "39th TCh-GRE"]
[Site "Eretria GRE"]
[Date "2011.07.07"]
[Round "6.12"]
[White "Azis, Azizis Ektoras"]
[Black "Spyropoulos, Georgios"]
[Result "1-0"]
[WhiteElo "2246"]
[BlackElo "2169"]
[WhiteTeam "F.O. New Irakleion Attica 2173"]
[BlackTeam "CC Patron"]
[WhiteFideId "4207637"]
[BlackFideId "4211103"]
[EventDate "2011.07.03"]

1. e4 c5 2. Nc3 Nc6 3. f4 e6 4. Nf3 d5 5. Bb5 a6 6. Bxc6+ bxc6 7. d3 Ne7 8. O-O
Qc7 9. Qe1 Bb7 10. Bd2 c4 11. dxc4 Rb8 12. Na4 dxe4 13. Ne5 Ng6 14. Ba5 Qe7 15.
c5 f5 16. Rd1 Nxe5 17. fxe5 Qg5 18. h4 Qh6 19. Bd2 Qg6 20. Bg5 Qf7 21. Qd2 Qc7
22. h5 a5 23. c4 Be7 24. Bxe7 Qxe7 25. Qd6 Kf7 26. Qxe7+ Kxe7 27. Nb6 Rhd8 28.
Rd6 Rxd6 29. cxd6+ Kf7 30. Nd7 Rd8 31. Nc5 Bc8 32. Nxe4 g6 33. hxg6+ Kxg6 34.
Nc5 Bd7 35. Rf3 Kg5 36. g3 Bc8 37. Kf2 h5 38. Rf4 Bd7 39. Ke3 Kh6 40. Rh4 Bc8
41. Kf4 Kg6 42. Rh2 Bd7 43. Rc2 Bc8 44. Rc3 Kh6 45. Ra3 h4 46. gxh4 Rg8 47. Rg3
Rd8 48. a3 a4 49. b3 1-0

[Event "39th TCh-GRE"]
[Site "Eretria GRE"]
[Date "2011.07.07"]
[Round "6.12"]
[White "Papadimitriou, Athanasios"]
[Black "Terzis, Filippos-Stamatis"]
[Result "1-0"]
[WhiteElo "2184"]
[BlackElo "1713"]
[WhiteTeam "F.O. New Irakleion Attica 2173"]
[BlackTeam "CC Patron"]
[WhiteFideId "4213254"]
[BlackFideId "4227670"]
[EventDate "2011.07.03"]

1. Nf3 Nf6 2. g3 g6 3. Bg2 Bg7 4. O-O O-O 5. d4 d6 6. c4 Nbd7 7. Qc2 e5 8. Rd1
Qe7 9. Nc3 c6 10. b3 Re8 11. e3 Nf8 12. Ba3 e4 13. Nd2 Bf5 14. Rac1 h5 15. d5 c5
16. b4 b6 17. bxc5 bxc5 18. Rb1 h4 19. Qb3 hxg3 20. hxg3 N8h7 21. Qb7 Ng5 22.
Qxe7 Rxe7 23. Nb5 Rd7 24. Bb2 Ng4 25. Bxg7 Kxg7 26. Nc3 Nf3+ 27. Bxf3 exf3 28.
e4 Ne5 29. exf5 Rh8 30. Nce4 f6 31. Nf1 gxf5 32. Ned2 Kg6 33. Nh2 Rdh7 34. Nhxf3
f4 35. Nxe5+ fxe5 36. gxf4 exf4 37. Kf1 Kf5 38. Ke2 Re7+ 39. Kd3 Rh3+ 40. f3
Re3+ 41. Kc2 Rh2 42. Rb3 Ke5 43. Rd3 Ree2 44. Rb1 1-0

[Event "39th TCh-GRE"]
[Site "Eretria GRE"]
[Date "2011.07.07"]
[Round "6.13"]
[White "Litsas, Ioannis"]
[Black "Tzoumbas, Anastasios"]
[Result "0-1"]
[BlackTitle "FM"]
[WhiteElo "2154"]
[BlackElo "2338"]
[WhiteTeam "Peiraikos OS"]
[BlackTeam "CC Ikaria J. Tzelepis"]
[WhiteFideId "4206886"]
[BlackFideId "4200519"]
[EventDate "2011.07.03"]

1. e4 c5 2. Nf3 d6 3. d4 cxd4 4. Nxd4 Nf6 5. Nc3 a6 6. Bg5 Nbd7 7. Bc4 h6 8.
Bxf6 Nxf6 9. Qd2 e6 10. Bb3 Qc7 11. O-O-O Bd7 12. Kb1 O-O-O 13. Rhe1 g5 14. Re3
Kb8 15. f3 Bg7 16. g3 Nh7 17. Rd3 Nf6 18. Nde2 Ne8 19. Nd4 Nf6 20. Nde2 Ne8 21.
Nd4 Qa5 22. Na4 Qxd2 23. R1xd2 Ka7 24. c4 Rc8 25. Nc3 h5 26. Nce2 h4 27. a3 hxg3
28. hxg3 Nf6 29. Nc3 Nh5 30. Rg2 Be5 31. Nde2 Bc6 32. Rd1 Nf6 33. Bc2 Rh3 34.
Re1 Nh5 35. Reg1 b5 36. cxb5 axb5 37. Bd3 Rb8 38. Nd1 g4 39. fxg4 Nf6 40. Nf2
Rhh8 41. Rc1 Kb6 42. g5 Nd7 43. Ng4 Nc5 44. Nxe5 dxe5 45. Bc2 Nxe4 46. Rgg1 Nxg5
47. g4 Nf3 48. Rg3 e4 49. Ka1 Rbg8 50. Bb1 Bb7 51. Rd1 Rh2 52. Nc3 Nd2 53. Rxd2
Rxd2 54. Nxe4 Bxe4 55. Bxe4 f5 56. Bf3 fxg4 0-1

[Event "39th TCh-GRE"]
[Site "Eretria GRE"]
[Date "2011.07.07"]
[Round "6.13"]
[White "Koukoufikis, Alexandros"]
[Black "Psaras, Stilianos"]
[Result "0-1"]
[WhiteElo "2258"]
[BlackElo "2098"]
[WhiteTeam "CC Ikaria J. Tzelepis"]
[BlackTeam "Peiraikos OS"]
[WhiteFideId "4205499"]
[BlackFideId "4200888"]
[EventDate "2011.07.03"]

1. e4 e6 2. d4 d5 3. Nd2 Nf6 4. e5 Nfd7 5. Bd3 c5 6. c3 Nc6 7. Ne2 cxd4 8. cxd4
f6 9. exf6 Nxf6 10. Nf3 Qc7 11. O-O Bd6 12. h3 O-O 13. Nc3 a6 14. Re1 Bd7 15. a3
Rae8 16. Be3 Kh8 17. Rc1 Qb8 18. Na4 e5 19. dxe5 Nxe5 20. Nxe5 Bxe5 21. Nc5 Bc8
22. Qb3 Bh2+ 23. Kh1 Bf4 24. Nxa6 bxa6 25. Qxb8 Bxb8 26. Rc6 Ne4 27. Rec1 Bf5
28. Bxa6 Be5 29. Rd1 Bd7 30. Rcc1 Bxb2 31. Rb1 Nxf2+ 32. Bxf2 Rxf2 33. Rxd5 Bc6
34. Rg5 h6 35. Rg4 Bf6 36. a4 h5 37. Rg3 Bh4 38. Rc3 Bxg2+ 39. Kg1 Rd2 40. Rd3
Rc2 41. Bb5 Rf8 42. Rbd1 Bf3 43. Rf1 Rg2+ 44. Kh1 Rf2+ 45. Kg1 Rxf1+ 0-1

[Event "39th TCh-GRE"]
[Site "Eretria GRE"]
[Date "2011.07.07"]
[Round "6.13"]
[White "Tsomis, Dimitrios"]
[Black "Sarandos, Vasilios"]
[Result "1/2-1/2"]
[WhiteTitle "FM"]
[WhiteElo "2187"]
[BlackElo "2236"]
[WhiteTeam "Peiraikos OS"]
[BlackTeam "CC Ikaria J. Tzelepis"]
[WhiteFideId "4201280"]
[BlackFideId "4203542"]
[EventDate "2011.07.03"]

1. e4 c6 2. Nf3 d5 3. Nc3 Bg4 4. h3 Bxf3 5. Qxf3 e6 6. g3 Nf6 7. Bg2 Nbd7 8. Qe2
d4 9. Nd1 Qb6 10. O-O O-O-O 11. d3 Bd6 12. a3 c5 13. b3 Qc7 14. Nb2 h5 15. f4 e5
16. Nc4 Rde8 17. a4 h4 18. g4 exf4 19. Nxd6+ Qxd6 20. Bxf4 Ne5 21. Bh2 Re7 22.
Qd2 Nfd7 23. a5 f6 24. Rfb1 Kb8 25. b4 Rc8 26. bxc5 Qxc5 27. Ra2 Ka8 28. Kh1 Nb8
29. Bg1 Rd7 30. Qe1 Nbc6 31. Rb3 Qd6 32. Rb5 Ne7 33. Qb1 Rc5 34. c4 N7c6 35.
Rab2 Nxa5 36. Bf1 b6 37. Qa1 Rxb5 38. Rxb5 Nf3 39. Bg2 Qg3 40. e5 Nb7 41. e6 Re7
42. Rxb6 Ne1 43. Rb2 Nxg2 44. Rxg2 Qxh3+ 45. Bh2 Qxd3 46. Qe1 Qxc4 47. Qxh4 Qxe6
48. Qh8+ Re8 49. Qxg7 d3 50. Qh6 Qe4 51. Bf4 Qc6 52. Kh2 Nd8 53. Qh7 Re2 54.
Rxe2 dxe2 1/2-1/2

[Event "39th TCh-GRE"]
[Site "Eretria GRE"]
[Date "2011.07.07"]
[Round "6.13"]
[White "Koukoufiki, Stefania"]
[Black "Korou, Laskarina"]
[Result "1-0"]
[WhiteElo "1791"]
[BlackElo "1921"]
[WhiteTeam "CC Ikaria J. Tzelepis"]
[BlackTeam "Peiraikos OS"]
[WhiteFideId "4221958"]
[BlackFideId "4204832"]
[EventDate "2011.07.03"]

1. Nf3 Nf6 2. g3 d5 3. Bg2 Bg4 4. h3 Bh5 5. d3 c6 6. Nbd2 Nbd7 7. O-O e5 8. Re1
Bd6 9. e4 O-O 10. c3 Re8 11. Qc2 Rc8 12. Nh4 Bc5 13. Nf1 d4 14. c4 Bb4 15. Bd2
Bxd2 16. Nxd2 c5 17. Nf5 Nf8 18. Qa4 Qb6 19. Rab1 Bg6 20. b4 cxb4 21. Rxb4 Qc7
22. Qxa7 Ra8 23. Qxb7 Qxb7 24. Rxb7 Rxa2 25. Nf3 N8d7 26. Rb5 Ra3 27. Bf1 Bxf5
28. exf5 e4 29. Nxd4 exd3 30. Rd1 Ne5 31. Rb3 Rxb3 32. Nxb3 Nxc4 33. Bxd3 Nb2
34. Rd2 Nxd3 35. Rxd3 h6 36. Re3 Rd8 37. Kg2 Kf8 38. Nc5 Ra8 39. Rd3 Rc8 40.
Nd7+ Ke7 41. Nxf6 Kxf6 42. g4 Rc6 43. Rd7 Rc3 44. f3 Ra3 45. h4 Ra2+ 46. Kg3 Ra3
47. Rd6+ Ke7 48. Rb6 Ra7 49. Rb8 Rc7 50. g5 hxg5 51. hxg5 Rc5 52. Kg4 Rc4+ 53.
f4 Rc1 54. Rg8 Rg1+ 55. Kf3 Rf1+ 56. Ke3 Re1+ 57. Kf2 Re4 58. Kf3 Re1 59. Rxg7
Rf1+ 60. Kg3 Rg1+ 61. Kf2 Rh1 62. g6 Rh2+ 63. Kg3 Rh1 64. Rxf7+ Ke8 65. Kg4 Rg1+
66. Kh5 Rh1+ 67. Kg5 Rb1 68. Ra7 Rg1+ 69. Kf6 Rb1 70. Re7+ Kd8 71. g7 Rb6+ 72.
Kf7 1-0

[Event "39th TCh-GRE"]
[Site "Eretria GRE"]
[Date "2011.07.07"]
[Round "6.13"]
[White "Poulopoulos, Ioannis"]
[Black "Athanasiou, Georgios"]
[Result "1-0"]
[WhiteElo "1923"]
[BlackElo "1954"]
[WhiteTeam "Peiraikos OS"]
[BlackTeam "CC Ikaria J. Tzelepis"]
[WhiteFideId "4218078"]
[BlackFideId "4215478"]
[EventDate "2011.07.03"]

1. e4 g6 2. d4 Bg7 3. Nc3 c6 4. f4 d5 5. Nf3 Bg4 6. Be3 f6 7. Be2 Nh6 8. h3 Bxf3
9. Bxf3 e6 10. Qd2 f5 11. exd5 exd5 12. O-O-O Nf7 13. g4 Nd6 14. h4 Qe7 15. b3
Na6 16. Kb2 Ne4 17. Nxe4 dxe4 18. Be2 Nb4 19. gxf5 gxf5 20. Bh5+ Kd7 21. Be2 Nd5
22. Bc4 Nxe3 23. Qxe3 b5 24. Bf1 Kc7 25. Qc3 Kb7 26. Kb1 Rad8 27. Qe3 Qd6 28. c3
Bh6 29. d5 Qxf4 30. dxc6+ Kxc6 31. Bxb5+ Kb7 32. Qc5 Qc7 33. Qxf5 e3 34. Qe4+
Kb8 35. Qb4 Qb7 36. Rhe1 Rhf8 37. Rd6 Bf4 38. Rxd8+ Rxd8 39. Qxf4+ Ka8 40. Be2 1-0

[Event "39th TCh-GRE"]
[Site "Eretria GRE"]
[Date "2011.07.07"]
[Round "6.14"]
[White "Koliopoulos, Konstantinos"]
[Black "Sandalakis, Angelos"]
[Result "0-1"]
[WhiteElo "2262"]
[BlackElo "2383"]
[WhiteTeam "AO Zenon Glyfadas"]
[BlackTeam "S.A.S. Koropiou"]
[WhiteFideId "4202244"]
[BlackFideId "4207645"]
[EventDate "2011.07.03"]

1. Nf3 Nf6 2. c4 e6 3. g3 b6 4. Bg2 Bb7 5. O-O Be7 6. Nc3 O-O 7. d4 Ne4 8. Nxe4
Bxe4 9. Ne1 Bxg2 10. Nxg2 d5 11. Qa4 Qd7 12. Qxd7 Nxd7 13. cxd5 exd5 14. Nf4 Nf6
15. Nd3 Rfc8 16. b3 a5 17. Bb2 a4 18. Rfc1 Ne4 19. f3 a3 20. Bc3 Nxc3 21. Rxc3
c5 22. Rac1 Bf6 23. Ne5 Re8 24. e3 Bxe5 25. dxe5 Rxe5 26. Rd3 Rae8 27. Kf2 d4
28. exd4 Re2+ 29. Kg1 Rxa2 30. dxc5 bxc5 31. Rdc3 Rb2 32. Ra1 a2 33. Rxc5 g6 34.
Rc3 Ree2 35. g4 Rb1+ 36. Rc1 Reb2 0-1

[Event "39th TCh-GRE"]
[Site "Eretria GRE"]
[Date "2011.07.07"]
[Round "6.14"]
[White "Khetsuriani, Besarion"]
[Black "Papastavropoulos, Andreas"]
[Result "1-0"]
[WhiteTitle "IM"]
[BlackTitle "FM"]
[WhiteElo "2325"]
[BlackElo "2257"]
[WhiteTeam "S.A.S. Koropiou"]
[BlackTeam "AO Zenon Glyfadas"]
[WhiteFideId "13600559"]
[BlackFideId "4201230"]
[EventDate "2011.07.03"]

1. d4 Nf6 2. Nf3 g6 3. g3 Bg7 4. Bg2 d6 5. O-O O-O 6. c4 a5 7. Nc3 Nc6 8. d5 Nb4
9. h3 Bd7 10. e4 Ne8 11. Be3 b6 12. Nd4 Na6 13. Qd2 Nc5 14. f4 e5 15. dxe6 fxe6
16. Rad1 Qe7 17. Kh2 c6 18. e5 dxe5 19. Nxc6 Bxc6 20. Bxc6 Rb8 21. fxe5 Bxe5 22.
Rxf8+ Qxf8 23. Bh6 Qf5 24. Kg2 Nd6 25. Qe2 Nf7 26. Bc1 Rc8 27. Be4 Qf6 28. Rf1
Qg7 29. Nb5 Rd8 30. Bb1 Bb8 31. b3 Be5 32. Rd1 Rxd1 33. Qxd1 Qf6 34. Qf3 Qd8 35.
Be3 Qd7 36. Bc2 Kg7 37. h4 Bf6 38. h5 Ne5 39. h6+ Kf7 40. Qa8 Ng4 41. Qf3 Ne5
42. Qa8 Nc6 43. a3 Be5 44. Bg5 Bb2 45. Be3 Bf6 46. Kf2 e5 47. Ke2 Be7 48. Qh8
Qg4+ 49. Kf2 e4 50. Qxh7+ Kf8 51. Qg7+ Ke8 52. Qg8+ Bf8 53. Nd6+ Ke7 54. Qf7+
Kxd6 55. Bf4+ Ne5 56. Qxf8+ Kd7 57. Bxe5 Nd3+ 58. Bxd3 1-0

[Event "39th TCh-GRE"]
[Site "Eretria GRE"]
[Date "2011.07.07"]
[Round "6.14"]
[White "Kordis, Konstantinos"]
[Black "Delithanasis, Dimitrios"]
[Result "1/2-1/2"]
[WhiteElo "2207"]
[BlackElo "2110"]
[WhiteTeam "AO Zenon Glyfadas"]
[BlackTeam "S.A.S. Koropiou"]
[WhiteFideId "4205197"]
[BlackFideId "4200799"]
[EventDate "2011.07.03"]

1. e4 e6 2. Qe2 c5 3. g3 Nc6 4. c3 g6 5. Bg2 Bg7 6. f4 Nge7 7. Nf3 d5 8. d3 b6
9. O-O a5 10. e5 Nf5 11. g4 Nh4 12. Nxh4 Qxh4 13. Nd2 h5 14. g5 Qg4 15. Nf3 h4
16. h3 Qh5 17. Be3 Ne7 18. Rfc1 Nf5 19. Bf2 Ba6 20. Qd2 O-O 21. Kh2 Rfc8 22. b4
Bf8 23. bxa5 bxa5 24. Rab1 Be7 25. Rc2 Kg7 26. Rcb2 Qh8 27. Rb6 Bd8 28. R6b2 a4
29. Rc2 Ba5 30. Qd1 c4 31. d4 Rcb8 32. Rxb8 Rxb8 33. Qc1 Bd8 34. Rb2 Bb5 35. Rb1
Be7 36. Qe1 Bc6 37. Qc1 Ba3 38. Qc2 Be7 39. Bf1 Bb5 40. Be2 Rb7 41. Bd1 Ba3 42.
Qd2 Qb8 43. Nxh4 Nxh4 44. Bxh4 Bc6 45. Rxb7 Qxb7 46. Be1 Qb1 47. Qc2 Qxc2+ 48.
Bxc2 Bc1 49. Kg3 a3 50. Kf3 Bb5 51. Kg4 Bd7 1/2-1/2

[Event "39th TCh-GRE"]
[Site "Eretria GRE"]
[Date "2011.07.07"]
[Round "6.14"]
[White "Petraki, Maria"]
[Black "Shamash, Michelle"]
[Result "1/2-1/2"]
[WhiteTitle "WFM"]
[WhiteElo "2024"]
[BlackElo "1752"]
[WhiteTeam "S.A.S. Koropiou"]
[BlackTeam "AO Zenon Glyfadas"]
[WhiteFideId "4200985"]
[BlackFideId "4225767"]
[EventDate "2011.07.03"]

1. e4 c6 2. d4 d5 3. f3 e6 4. Nc3 Nf6 5. e5 Nfd7 6. f4 c5 7. Nf3 Nc6 8. Be3 cxd4
9. Nxd4 Nxd4 10. Bxd4 Nb8 11. Qd2 Bd7 12. Be2 Nc6 13. O-O Nxd4 14. Qxd4 Qc7 15.
Kh1 Bc5 16. Qd3 a6 17. Qg3 g6 18. Rad1 Bc6 19. Bd3 O-O-O 20. a3 h5 21. h3 h4 22.
Qe1 Ba7 23. b4 Qb6 24. Rf3 Rdg8 25. Rb1 Be8 26. b5 Qa5 27. bxa6 bxa6 28. Qe2 Bc6
29. Bxa6+ Kd7 30. Bb5 Rb8 31. a4 Rhc8 32. Bxc6+ Rxc6 33. Rxb8 Bxb8 34. Qb5 Qxb5
35. axb5 Rb6 36. g3 hxg3 37. Kg2 d4 38. Rd3 Ke7 39. Rxd4 g5 40. Kxg3 gxf4+ 41.
Kxf4 f6 42. Rc4 Bxe5+ 43. Ke4 Bxc3 44. Rxc3 Rxb5 45. Rc7+ Kd6 46. Rh7 Rc5 47.
Kd3 Rf5 48. h4 Rf3+ 49. Ke2 Rh3 50. h5 1/2-1/2

[Event "39th TCh-GRE"]
[Site "Eretria GRE"]
[Date "2011.07.07"]
[Round "6.14"]
[White "Farmaki, Athanasia"]
[Black "Androni, Konstantina"]
[Result "1-0"]
[WhiteElo "1715"]
[BlackElo "1967"]
[WhiteTeam "AO Zenon Glyfadas"]
[BlackTeam "S.A.S. Koropiou"]
[WhiteFideId "4212878"]
[BlackFideId "4215362"]
[EventDate "2011.07.03"]

1. c4 e6 2. Nf3 d5 3. b3 Nf6 4. Bb2 c6 5. g3 Bd6 6. Bg2 O-O 7. O-O Nbd7 8. d3
Re8 9. Nbd2 e5 10. e4 d4 11. Nh4 Nf8 12. Nf5 Ng6 13. h4 Bb4 14. Qc1 c5 15. Ba3
Bxa3 16. Qxa3 Qc7 17. b4 Bxf5 18. exf5 Ne7 19. bxc5 Nc6 20. Rab1 Qd7 21. Be4
Nxe4 22. Nxe4 Reb8 23. f6 g6 24. Qc1 Qd8 25. Qg5 b6 26. h5 Qf8 27. hxg6 fxg6 28.
cxb6 axb6 29. Rb2 Ra3 30. Rd2 Ra5 31. f4 exf4 32. Qxf4 Rf5 33. Qc7 Rxf1+ 34.
Kxf1 Rc8 35. Qxb6 Qh6 36. Rf2 Qh1+ 37. Ke2 Qh5+ 38. Kd2 Qa5+ 39. Qxa5 Nxa5 40.
f7+ Kg7 41. Ng5 Kh6 42. Ne6 1-0

[Event "39th TCh-GRE"]
[Site "Eretria GRE"]
[Date "2011.07.07"]
[Round "6.14"]
[White "Roinos, Ilias"]
[Black "Adamos, Thomas"]
[Result "0-1"]
[WhiteElo "1762"]
[BlackElo "1763"]
[WhiteTeam "AO Zenon Glyfadas"]
[BlackTeam "S.A.S. Koropiou"]
[WhiteFideId "4232402"]
[BlackFideId "4220552"]
[EventDate "2011.07.03"]

1. e4 c5 2. Nf3 d6 3. d4 cxd4 4. Nxd4 Nf6 5. Nc3 g6 6. Be3 Bg7 7. f3 O-O 8. Qd2
Nc6 9. O-O-O d5 10. Qe1 e5 11. Nb3 d4 12. Bg5 Qb6 13. Nd5 Nxd5 14. exd5 Nb4 15.
Be7 Nxc2 16. Qd2 Ne3 17. Bxf8 Bxf8 18. Bd3 Nxd1 19. Rxd1 Bf5 20. Kb1 Bxd3+ 21.
Qxd3 Rd8 22. Qe4 Qd6 23. Na5 f5 24. Qc2 Qxd5 25. Nb3 Bg7 26. Nc1 e4 27. fxe4
fxe4 28. Re1 d3 29. Qd2 Rc8 30. Ne2 Rc2 0-1

[Event "39th TCh-GRE"]
[Site "Eretria GRE"]
[Date "2011.07.07"]
[Round "6.14"]
[White "Karathanasis, Vlasis"]
[Black "Drakoulakos, Grigorios"]
[Result "0-1"]
[WhiteElo "1577"]
[BlackElo "1694"]
[WhiteTeam "S.A.S. Koropiou"]
[BlackTeam "AO Zenon Glyfadas"]
[WhiteFideId "4243030"]
[BlackFideId "4264541"]
[EventDate "2011.07.03"]

1. e4 c5 2. Nc3 d6 3. Bb5+ Bd7 4. Bc4 e6 5. f4 Nc6 6. Nf3 a6 7. a4 Qc7 8. O-O g6
9. d3 Bg7 10. Bd2 Nge7 11. f5 gxf5 12. Ng5 Bd4+ 13. Kh1 Rf8 14. Qh5 O-O-O 15.
Nxf7 Rde8 16. Ng5 Ng6 17. exf5 exf5 18. Nxh7 Rh8 19. Nd5 Qd8 20. Qxg6 Rxh7 21.
Qxh7 Rh8 22. Qg6 Rxh2+ 23. Kxh2 Qh4# 0-1

[Event "39th TCh-GRE"]
[Site "Eretria GRE"]
[Date "2011.07.07"]
[Round "6.15"]
[White "Bartel, Mateusz"]
[Black "Zenelis, Konstantinos"]
[Result "1-0"]
[WhiteTitle "GM"]
[WhiteElo "2611"]
[BlackElo "2179"]
[WhiteTeam "Chess Academy of Gazi 2099"]
[BlackTeam "Papagou"]
[WhiteFideId "1112635"]
[BlackFideId "4204107"]
[EventDate "2011.07.03"]

1. g3 d5 2. Bg2 c6 3. f4 Nf6 4. Nf3 Bg4 5. h3 Bxf3 6. Bxf3 Nbd7 7. d4 e6 8. c3
c5 9. Be3 Qb6 10. Qb3 c4 11. Qc2 Qc7 12. Nd2 b5 13. Bf2 Nb6 14. e4 Be7 15. e5
Nfd7 16. g4 f6 17. f5 fxe5 18. fxe6 Nf8 19. Qf5 O-O-O 20. Bg3 Ng6 21. O-O-O Rhf8
22. Qh5 Nf4 23. Qxh7 exd4 24. cxd4 Nd3+ 25. Qxd3 cxd3+ 26. Bxc7 Kxc7 27. Rhf1
Nc4 28. Nxc4 dxc4 29. d5 Kd6 30. Bg2 Bf6 31. Be4 a5 32. Rf5 a4 33. Rdf1 a3 34.
bxa3 Ra8 35. Kb1 Rxa3 36. g5 Rfa8 37. gxf6 Rxa2 38. f7 Re2 39. Bxd3 1-0

[Event "39th TCh-GRE"]
[Site "Eretria GRE"]
[Date "2011.07.07"]
[Round "6.15"]
[White "Kaloskambis, Mihail"]
[Black "Dimitriadis, Theodoros"]
[Result "1/2-1/2"]
[WhiteElo "2011"]
[BlackElo "1922"]
[WhiteTeam "Papagou"]
[BlackTeam "Chess Academy of Gazi 2099"]
[WhiteFideId "4203569"]
[BlackFideId "4217365"]
[EventDate "2011.07.03"]

1. d4 d5 2. c4 e6 3. Nc3 Nf6 4. Bg5 Be7 5. e3 c6 6. cxd5 exd5 7. Bd3 O-O 8. Qc2
h6 9. Bh4 Re8 10. Nge2 Nbd7 11. O-O Ne4 12. Bxe7 Qxe7 13. Ng3 Ndf6 14. Rae1 Nxg3
15. hxg3 Ne4 16. Nxe4 dxe4 17. Bc4 Be6 18. Rc1 Bxc4 19. Qxc4 h5 20. Qc5 Qe6 21.
b4 Rad8 22. Qxh5 Qxa2 23. Qg4 Qd5 24. Rc5 Qe6 25. Qxe6 fxe6 26. Re5 Kf7 27. Ra1
Rd5 28. Rxe4 Rb5 29. Ra4 g5 30. f4 g4 31. Re5 Rxe5 32. fxe5 Kg6 33. e4 Rd8 34.
Rxa7 Rxd4 35. Rxb7 Rxe4 36. Rb6 Kf5 37. Rxc6 Rxb4 38. Kf2 Kxe5 39. Rc2 Kd5 40.
Ke3 Rb3+ 41. Kf4 Rb4+ 42. Ke3 e5 43. Rd2+ Rd4 44. Ra2 Re4+ 45. Kd3 Rb4 46. Ra5+
Ke6 47. Ra8 Rb3+ 48. Ke4 Rxg3 49. Ra6+ Kf7 50. Ra2 Kf6 51. Rf2+ Ke6 52. Ra2 Kf6
53. Rf2+ Ke6 1/2-1/2

[Event "39th TCh-GRE"]
[Site "Eretria GRE"]
[Date "2011.07.07"]
[Round "6.15"]
[White "Stefanatos, Nikolaos"]
[Black "Georgantas, Antonios1"]
[Result "1-0"]
[WhiteElo "1928"]
[BlackElo "1729"]
[WhiteTeam "Chess Academy of Gazi 2099"]
[BlackTeam "Papagou"]
[WhiteFideId "4223101"]
[BlackFideId "4212894"]
[EventDate "2011.07.03"]

1. d4 d5 2. c4 e6 3. Nc3 f5 4. Nf3 c6 5. Bf4 Nf6 6. e3 Be7 7. Qc2 O-O 8. Bd3 Ne4
9. g4 Nxc3 10. bxc3 c5 11. gxf5 exf5 12. Ne5 Nc6 13. Rg1 cxd4 14. cxd5 Nxe5 15.
Bxe5 g6 16. d6 Bxd6 17. Bc4+ Rf7 18. Bxf7+ Kxf7 19. Qb3+ Ke7 20. Bxd6+ Qxd6 21.
O-O-O Qe6 22. Qb4+ Kf7 23. exd4 Qxa2 24. Rge1 Qa1+ 25. Kd2 Qa2+ 26. Kd3 Qa6+ 27.
c4 Be6 28. Re5 Qc6 29. d5 1-0

[Event "39th TCh-GRE"]
[Site "Eretria GRE"]
[Date "2011.07.07"]
[Round "6.15"]
[White "Pavlogianni, Despina"]
[Black "Aggeli, Eleni"]
[Result "1/2-1/2"]
[WhiteElo "1925"]
[BlackElo "1862"]
[WhiteTeam "Papagou"]
[BlackTeam "Chess Academy of Gazi 2099"]
[WhiteFideId "4209982"]
[BlackFideId "4213300"]
[EventDate "2011.07.03"]

1. e4 c5 2. Nc3 d6 3. g3 g6 4. Bg2 Bg7 5. d3 e6 6. Be3 Ne7 7. Qd2 Nbc6 8. Bh6
O-O 9. h4 Bxh6 10. Qxh6 Kh8 11. Nh3 Ng8 12. Qd2 e5 13. O-O Nd4 14. f4 f5 15.
Rae1 fxe4 16. Nxe4 Bxh3 17. Bxh3 exf4 18. c3 Nc6 19. Rxf4 Ne5 20. Ref1 Rxf4 21.
Rxf4 Qe7 22. Ng5 Rf8 23. Rxf8 Qxf8 24. d4 Nf3+ 25. Nxf3 Qxf3 26. Qf2 Qxf2+ 27.
Kxf2 Kg7 28. Ke3 Nf6 29. Be6 h6 30. dxc5 dxc5 31. g4 g5 32. h5 Kf8 33. b4 Ke7
34. Bc8 1/2-1/2

[Event "39th TCh-GRE"]
[Site "Eretria GRE"]
[Date "2011.07.07"]
[Round "6.15"]
[White "Koutsidi, Amalia"]
[Black "Prokopiou, Ekaterini"]
[Result "0-1"]
[WhiteElo "1231"]
[BlackElo "1540"]
[WhiteTeam "Papagou"]
[BlackTeam "Chess Academy of Gazi 2099"]
[WhiteFideId "4244710"]
[BlackFideId "4218710"]
[EventDate "2011.07.03"]

1. d4 Nf6 2. c4 e6 3. Nc3 Bb4 4. Qc2 O-O 5. a3 Bxc3+ 6. Qxc3 d6 7. Bg5 h6 8. Bh4
Qe7 9. Nf3 Nbd7 10. e3 e5 11. Be2 Re8 12. O-O Nf8 13. Bg3 Ng6 14. b4 Ne4 15. Qb2
Nxg3 16. hxg3 e4 17. Nd2 Qg5 18. a4 h5 19. c5 d5 20. b5 h4 21. g4 Bxg4 22. Bxg4
Qxg4 23. c6 b6 24. a5 h3 25. g3 Nh4 26. Kh2 Nf3+ 27. Nxf3 Qxf3 28. Rg1 Kh7 29.
axb6 axb6 30. Rxa8 Rxa8 31. Qd2 Ra3 32. Qb2 Ra8 33. Qd2 f5 34. Qb2 g5 35. Qd2
Ra1 0-1